000 00529nam a2200181Ia 4500
008 240729s9999 xx 000 0 und d
022 _a2466-1171
245 0 _aInternational Journal of Arrhythmia
260 _aUnited Kingdom
260 _bBMC
650 _a Diseases of the circulatory (Cardiovascular) system
650 _a Internal medicine
650 _a Specialties of internal medicine
650 _aMedicine
856 _uhttps://doaj.org/toc/cd7c4d1d92294fb7a95ce57bf5be4f7e
942 _2ddc
942 _cDOAJEJ
999 _c68025
_d68025
945 _a1
_bMadushi Gamage
_c1
_dMadushi Gamage